<?xml version="1.0" encoding="UTF-8"?>
<record
    xmlns:xsi="http://www.w3.org/2001/XMLSchema-instance"
    xsi:schemaLocation="http://www.loc.gov/MARC21/slim http://www.loc.gov/standards/marcxml/schema/MARC21slim.xsd"
    xmlns="http://www.loc.gov/MARC21/slim">

  <leader>00929nam a2200253 a 4500</leader>
  <controlfield tag="001">rea00029936 </controlfield>
  <controlfield tag="005">20190704075449.0</controlfield>
  <controlfield tag="008">      s1978    wau    e      001 0 eng d</controlfield>
  <datafield tag="035" ind1=" " ind2=" ">
    <subfield code="z">55682</subfield>
  </datafield>
  <datafield tag="039" ind1=" " ind2=" ">
    <subfield code="a">29931</subfield>
    <subfield code="c">TLC</subfield>
  </datafield>
  <datafield tag="100" ind1="1" ind2=" ">
    <subfield code="a">Seleskovitch, Danica.</subfield>
  </datafield>
  <datafield tag="130" ind1="0" ind2=" ">
    <subfield code="a">Interprete dans les conferences interationales.</subfield>
    <subfield code="l">English.</subfield>
  </datafield>
  <datafield tag="245" ind1="1" ind2="0">
    <subfield code="a">Interpreting for international conferences :</subfield>
    <subfield code="b">problems of language and communication /</subfield>
    <subfield code="c">Danica Seleskovitch; translated by Stephanie Dailey and E. Norman McMillan.</subfield>
  </datafield>
  <datafield tag="260" ind1=" " ind2=" ">
    <subfield code="a">Washington :</subfield>
    <subfield code="b">Pen and Booth,</subfield>
    <subfield code="c">1978.</subfield>
  </datafield>
  <datafield tag="300" ind1=" " ind2=" ">
    <subfield code="a">vii, 154p ;</subfield>
    <subfield code="c">23 cm.</subfield>
  </datafield>
  <datafield tag="500" ind1=" " ind2=" ">
    <subfield code="a">Translation of L'Interprete dans les.</subfield>
  </datafield>
  <datafield tag="500" ind1=" " ind2=" ">
    <subfield code="a">conferences internationales.</subfield>
  </datafield>
  <datafield tag="506" ind1=" " ind2=" ">
    <subfield code="a">Open access.</subfield>
  </datafield>
  <datafield tag="650" ind1=" " ind2="0">
    <subfield code="a">Translating and interpreting.</subfield>
  </datafield>
  <datafield tag="650" ind1=" " ind2="0">
    <subfield code="a">Congresses and conventions.</subfield>
  </datafield>
  <datafield tag="949" ind1=" " ind2=" ">
    <subfield code="a">BMAIN</subfield>
    <subfield code="c">P306</subfield>
    <subfield code="d">.S413 1978</subfield>
    <subfield code="g">55682</subfield>
    <subfield code="5">N</subfield>
  </datafield>
  <datafield tag="961" ind1=" " ind2=" ">
    <subfield code="t">1</subfield>
  </datafield>
  <datafield tag="999" ind1=" " ind2=" ">
    <subfield code="c">34166</subfield>
    <subfield code="d">34166</subfield>
  </datafield>
  <datafield tag="952" ind1=" " ind2=" ">
    <subfield code="0">0</subfield>
    <subfield code="1">0</subfield>
    <subfield code="2">lcc</subfield>
    <subfield code="4">0</subfield>
    <subfield code="7">0</subfield>
    <subfield code="a">UEAB</subfield>
    <subfield code="b">MCL</subfield>
    <subfield code="c">Main stack</subfield>
    <subfield code="d">2019-06-18</subfield>
    <subfield code="l">1</subfield>
    <subfield code="o">P 306 .S413 1978</subfield>
    <subfield code="p">55682</subfield>
    <subfield code="r">2021-01-13 00:00:00</subfield>
    <subfield code="s">2021-01-13</subfield>
    <subfield code="w">2019-06-18</subfield>
    <subfield code="y">BK</subfield>
  </datafield>
</record>
